[Event "CZE-chT1W 1112"]
[Site "Czech Republic"]
[Date "2011.11.13"]
[Round "3.7"]
[White "Forman, Stepan"]
[Black "Pesout, Jan"]
[Result "1-0"]
[WhiteElo "2331"]
[BlackElo "2249"]
[PlyCount "59"]
[EventDate "2011.10.02"]
[EventType "team-tourn"]
[EventRounds "11"]
[EventCountry "CZE"]
[SourceTitle "EXT 2012"]
[Source "ChessBase"]
[SourceDate "2011.11.24"]
[SourceVersion "1"]
[SourceVersionDate "2011.11.24"]
[SourceQuality "1"]
[WhiteTeam "Praha Mahrla"]
[BlackTeam "Pankrac"]
[WhiteTeamCountry "CZE"]
[BlackTeamCountry "CZE"]

1. d4 Nf6 2. c4 e6 3. Nc3 d5 4. Nf3 Be7 5. Bf4 c6 6. e3 Ne4 7. cxd5 Nxc3 8. bxc3 exd5 9. Bd3 Nd7 10. Qc2 Nf6 11. h3 0-0 12. 0-0 g6 13. Ne5 Nh5 14. Bh6 Ng7 15. f4 f6 16. Bxg6 f5 17. Bxg7 Kxg7 18. Bh5 Be6 19. Rab1 Qc7 20. g4 Bd6 21. Qf2 Rab8 22. Qh4 Qe7 23. g5 Kg8 24. Bd1 Qg7 25. Kh2 Kh8 26. Bc2 c5 27. Rg1 Rfc8 28. g6 Bxe5 29. dxe5 Rf8 30. Rg5 1-0

[Event "CZE-chT1W 1011"]
[Site "Czech Republic"]
[Date "2011.02.13"]
[Round "8.5"]
[White "Kopta, Pavel"]
[Black "Pesout, Jan"]
[Result "1-0"]
[WhiteElo "2287"]
[BlackElo "2250"]
[PlyCount "80"]
[EventDate "2010.10.10"]
[EventType "team-tourn"]
[EventRounds "11"]
[EventCountry "CZE"]
[SourceTitle "EXT 2012"]
[Source "ChessBase"]
[SourceDate "2011.11.24"]
[SourceVersion "1"]
[SourceVersionDate "2011.11.24"]
[SourceQuality "1"]
[WhiteTeam "Praha Kobylisy"]
[BlackTeam "Pankrac"]
[WhiteTeamCountry "CZE"]
[BlackTeamCountry "CZE"]

1. d4 Nf6 2. c4 c5 3. d5 e6 4. Nc3 exd5 5. cxd5 d6 6. e4 g6 7. Bd3 Bg7 8. h3 0-0 9. Nf3 b6 10. 0-0 Ba6 11. Bf4 Bxd3 12. Qxd3 a6 13. a4 Qc7 14. Nd2 Nbd7 15. Nc4 Ne8 16. Qg3 Ne5 17. b3 Rb8 18. Rfd1 f6 19. Ra2 Rf7 20. Na3 Qc8 21. Rc2 Nc7 22. Nc4 Qd7 23. Bd2 Rff8 24. h4 Nxc4 25. bxc4 b5 26. axb5 axb5 27. cxb5 Nxb5 28. Nxb5 Rxb5 29. Bf4 Rb6 30. Ra2 Re8 31. Re1 Bf8 32. Bd2 f5 33. h5 Qf7 34. hxg6 hxg6 35. Ra7 f4 36. Bxf4 Qf6 37. e5 dxe5 38. Bxe5 Bd6 39. f4 Qf5 40. Qh4 g5 1-0

[Event "CZE-chT1W 1011"]
[Site "Czech Republic"]
[Date "2010.11.28"]
[Round "4.4"]
[White "Pesout, Jan"]
[Black "Tichy, Vladimir"]
[Result "1-0"]
[WhiteElo "2250"]
[BlackElo "2275"]
[PlyCount "81"]
[EventDate "2010.10.10"]
[EventType "team-tourn"]
[EventRounds "11"]
[EventCountry "CZE"]
[SourceTitle "EXT 2012"]
[Source "ChessBase"]
[SourceDate "2011.11.24"]
[SourceVersion "1"]
[SourceVersionDate "2011.11.24"]
[SourceQuality "1"]
[WhiteTeam "Pankrac"]
[BlackTeam "Praha Vysehrad"]
[WhiteTeamCountry "CZE"]
[BlackTeamCountry "CZE"]

1. Nf3 d5 2. d4 c6 3. c4 Nf6 4. Nc3 e6 5. e3 Be7 6. Be2 b6 7. 0-0 Bb7 8. b3 0-0 9. Bb2 Nbd7 10. Rc1 Rc8 11. Qc2 Qc7 12. Rfd1 Rfd8 13. Qb1 Qb8 14. h3 c5 15. cxd5 exd5 16. Bd3 c4 17. Bc2 a6 18. bxc4 dxc4 19. e4 Nf8 20. d5 b5 21. Ne2 Ng6 22. Re1 b4 23. Ba4 a5 24. Bd4 Nd7 25. Ng3 Nc5 26. Bxc5 Bxc5 27. Nf5 Nf4 28. Rcd1 Nd3 29. Rxd3 cxd3 30. Qxd3 g6 31. Nh6+ Kg7 32. Qd2 Qg3 33. Ng4 Kf8 34. Kh1 Qd6 35. e5 Qxd5 36. Qh6+ Ke7 37. Qg5+ Kf8 38. Qh6+ Ke7 39. e6 Qh5 40. exf7+ Kd6 41. Qf4+ 1-0

[Event "CZE-chT1W 0910"]
[Site "Czech Republic"]
[Date "2010.02.07"]
[Round "8.6"]
[White "Pesout, Jan"]
[Black "Neckar, Lubomir"]
[Result "0-1"]
[WhiteElo "2248"]
[BlackElo "2337"]
[PlyCount "160"]
[EventDate "2009.10.11"]
[EventType "team-tourn"]
[EventRounds "11"]
[EventCountry "CZE"]
[SourceTitle "EXT 2011"]
[Source "ChessBase"]
[SourceDate "2010.11.26"]
[SourceVersion "1"]
[SourceVersionDate "2010.11.26"]
[SourceQuality "1"]
[WhiteTeam "Praha Pankrac"]
[BlackTeam "Lysa nad Labem"]
[WhiteTeamCountry "CZE"]
[BlackTeamCountry "CZE"]

1. Nf3 d5 2. d4 e6 3. c4 Be7 4. Nc3 Nf6 5. Bg5 h6 6. Bh4 0-0 7. e3 b6 8. Bd3 Bb7 9. 0-0 Nbd7 10. Qe2 Ne4 11. Bxe7 Qxe7 12. Rac1 c5 13. cxd5 exd5 14. dxc5 Ndxc5 15. Rfd1 Rfd8 16. Nd4 Rac8 17. Rc2 g6 18. Rdc1 Qf6 19. b4 Nxd3 20. Qxd3 Rxc3 21. Rxc3 Qxf2+ 22. Kh1 Nxc3 23. Qxc3 Rc8 24. Qe1 Rxc1 25. Qxc1 Qxa2 26. h3 Qc4 27. Qa3 a6 28. Kg1 Qc7 29. Kf2 Bc8 30. Qa4 b5 31. Qa2 Qe5 32. Qc2 Bd7 33. Qc5 Kg7 34. Nf3 Qf5 35. Qb6 Qf6 36. Qc5 Be6 37. Kg3 Qd8 38. Qd4+ Kh7 39. Ne5 Qg5+ 40. Kf2 Qf6+ 41. Ke2 h5 42. Nf3 Kg7 43. Ne5 g5 44. g4 hxg4 45. hxg4 Kg8 46. Ke1 Qe7 47. Kf2 f6 48. Nd3 Kg7 49. Kf3 Qd6 50. Kg2 Bc8 51. Nf2 Qc6 52. Kg3 Qc7+ 53. Kg2 Be6 54. Nd3 Qc4 55. Nf2 Qxd4 56. exd4 Kf7 57. Kf3 Ke7 58. Nd3 Kd6 59. Nc5 Bc8 60. Nb3 Kc6 61. Na5+ Kb6 62. Nb3 f5 63. gxf5 Bxf5 64. Ke2 Bc2 65. Na5 Kc7 66. Kf3 Bd1+ 67. Kg3 Be2 68. Kh3 Kd6 69. Nb3 Ke6 70. Nc5+ Kf5 71. Kg3 Bd1 72. Nxa6 Ke4 73. Nc7 Kxd4 74. Nxb5+ Kc4 75. Nc7 d4 76. b5 Ba4 77. b6 Bc6 78. Ne6 d3 79. Kf2 d2 80. Ke2 Kc3 0-1

[Event "CZE-chT1W 0910"]
[Site "Czech Republic"]
[Date "2010.01.24"]
[Round "7.6"]
[White "Pesout, Jan"]
[Black "Vodicka, Vlastimil"]
[Result "1-0"]
[WhiteElo "2248"]
[BlackElo "2191"]
[PlyCount "105"]
[EventDate "2009.10.11"]
[EventType "team-tourn"]
[EventRounds "11"]
[EventCountry "CZE"]
[SourceTitle "EXT 2011"]
[Source "ChessBase"]
[SourceDate "2010.11.26"]
[SourceVersion "1"]
[SourceVersionDate "2010.11.26"]
[SourceQuality "1"]
[WhiteTeam "Praha Pankrac"]
[BlackTeam "Vysehrad"]
[WhiteTeamCountry "CZE"]
[BlackTeamCountry "CZE"]

1. d4 Nf6 2. g3 g6 3. Bg2 Bg7 4. e3 d6 5. f4 0-0 6. Nf3 c5 7. 0-0 Bf5 8. c3 Nc6 9. Re1 Re8 10. b3 Rc8 11. Bb2 Qa5 12. Nbd2 d5 13. Ne5 Ne4 14. g4 Nxe5 15. dxe5 Bxg4 16. Qxg4 Nxd2 17. Bxd5 c4 18. Bxb7 Rc7 19. Bg2 cxb3 20. axb3 Qb6 21. b4 Nc4 22. Bc1 Rd8 23. Qe2 Qe6 24. Rd1 Rdc8 25. Rd4 Nb6 26. Bd2 Qb3 27. Qd3 Nc4 28. Be1 Nb6 29. Rd8+ Bf8 30. Rxc8 Nxc8 31. Bd5 Qb2 32. Rb1 Qa3 33. Rb3 Qa1 34. Qb1 Qa4 35. e6 f6 36. f5 Kg7 37. Bg3 Nd6 38. c4 Rc8 39. Bxd6 exd6 40. Rb2 Qa6 41. fxg6 hxg6 42. Rg2 g5 43. h4 Be7 44. hxg5 f5 45. Qb2+ Kg6 46. e4 f4 47. e5 Qb6+ 48. Kf1 Qe3 49. Qc2+ Kg7 50. Rh2 Rh8 51. Rxh8 Kxh8 52. exd6 Bxd6 53. Qh2+ 1-0

[Event "CZE-chT1W 0910"]
[Site "Czech Republic"]
[Date "2009.11.01"]
[Round "2.6"]
[White "Oresky, Jan"]
[Black "Pesout, Jan"]
[Result "1-0"]
[WhiteElo "2133"]
[BlackElo "2248"]
[PlyCount "95"]
[EventDate "2009.10.11"]
[EventType "team-tourn"]
[EventRounds "11"]
[EventCountry "CZE"]
[SourceTitle "EXT 2011"]
[Source "ChessBase"]
[SourceDate "2010.11.26"]
[SourceVersion "1"]
[SourceVersionDate "2010.11.26"]
[SourceQuality "1"]
[WhiteTeam "Novoborsky II"]
[BlackTeam "Praha Pankrac"]
[WhiteTeamCountry "CZE"]
[BlackTeamCountry "CZE"]

1. e4 d5 2. exd5 Nf6 3. d4 Nxd5 4. c4 Nb6 5. c5 Nd5 6. Nc3 c6 7. Bc4 e6 8. Nf3 Be7 9. 0-0 0-0 10. Re1 Nd7 11. Qe2 N7f6 12. Ne5 Qc7 13. Bg5 b6 14. cxb6 axb6 15. Rac1 Ra5 16. Nxd5 Nxd5 17. Bd2 Bb4 18. Bxb4 Nxb4 19. a3 Nd5 20. b4 Rxa3 21. Bxd5 exd5 22. Nxc6 Be6 23. Qb2 Raa8 24. b5 Qd6 25. Rc3 h6 26. Rec1 Ra4 27. Rg3 Rfa8 28. Qd2 Ra2 29. Qe3 R8a3 30. Qe1 Rb2 31. Rb1 Raa2 32. Rxb2 Rxb2 33. Qf1 Bf5 34. Re3 Rb1 35. Re1 Rxe1 36. Qxe1 Bd3 37. Qe8+ Kh7 38. Ne7 h5 39. Qxf7 Kh6 40. Ng8+ Kh7 41. Ne7 Kh6 42. h4 Bg6 43. Nxg6 Qxg6 44. Qxg6+ Kxg6 45. f3 Kf5 46. g3 Kf6 47. Kg2 Kf5 48. Kh3 1-0

[Event "Pardubice Synthesia rap op 20th"]
[Site "Pardubice"]
[Date "2009.07.22"]
[Round "1"]
[White "Pesout, Jan"]
[Black "Cvek, Robert"]
[Result "0-1"]
[WhiteElo "2248"]
[BlackElo "2520"]
[PlyCount "75"]
[EventDate "2009.07.22"]
[EventType "swiss (rapid)"]
[EventRounds "9"]
[EventCountry "CZE"]
[SourceTitle "CBM 131 Extra"]
[Source "ChessBase"]
[SourceDate "2009.09.03"]
[SourceVersion "2"]
[SourceVersionDate "2009.09.16"]
[SourceQuality "1"]

1. d4 Nf6 2. c4 e6 3. Nc3 Bb4 4. Nf3 b6 5. e3 Bb7 6. Bd3 0-0 7. 0-0 Bxc3 8. bxc3 Be4 9. Qc2 Bxf3 10. gxf3 d6 11. Kh1 Nbd7 12. Rg1 e5 13. Rg3 g6 14. Bd2 Nh5 15. Rh3 Ng7 16. Rg1 Nf6 17. f4 exf4 18. exf4 d5 19. f5 dxc4 20. Bxc4 Qd7 21. Bd3 c5 22. Rh4 Qd5+ 23. Be4 Nxe4 24. Qxe4 Qxe4+ 25. Rxe4 cxd4 26. cxd4 Nxf5 27. Bf4 Rad8 28. Rd1 Rd5 29. Be3 f6 30. Rc1 Rd7 31. Rc3 Kf7 32. Kg2 Rfd8 33. Kf3 h5 34. Rf4 Ne7 35. Re4 g5 36. h3 Nf5 37. Ke2 Nd6 38. Ke1 0-1

[Event "CZE-chT1W 0809"]
[Site "Czech Republic"]
[Date "2009.03.29"]
[Round "11.4"]
[White "Pesout, Jan"]
[Black "Pokrupa, Marek"]
[Result "1/2-1/2"]
[WhiteElo "2251"]
[BlackElo "2174"]
[PlyCount "42"]
[EventDate "2008.10.19"]
[EventType "team-tourn"]
[EventRounds "11"]
[EventCountry "CZE"]
[SourceTitle "EXT 2010"]
[Source "ChessBase"]
[SourceDate "2010.11.25"]
[SourceVersion "1"]
[SourceVersionDate "2010.11.25"]
[SourceQuality "1"]
[WhiteTeam "Praha Pankrac"]
[BlackTeam "Plzen Letna"]
[WhiteTeamCountry "CZE"]
[BlackTeamCountry "CZE"]

1. Nf3 c5 2. c4 Nc6 3. Nc3 g6 4. e3 Bg7 5. d4 cxd4 6. exd4 d6 7. Be2 Nf6 8. 0-0 0-0 9. h3 e5 10. Bg5 h6 11. Be3 Re8 12. Qc1 Kh7 13. dxe5 dxe5 14. Rd1 Qe7 15. a3 Rd8 16. Rxd8 Qxd8 17. Qd2 Be6 18. Rd1 Qxd2 19. Rxd2 Rc8 20. Nd5 e4 21. Nd4 Bxd5 1/2-1/2

[Event "CZE-chT1W 0809"]
[Site "Czech Republic"]
[Date "2009.03.01"]
[Round "9.2"]
[White "Pesout, Jan"]
[Black "Kucera, Petr"]
[Result "1/2-1/2"]
[WhiteElo "2251"]
[BlackElo "2305"]
[PlyCount "68"]
[EventDate "2008.10.19"]
[EventType "team-tourn"]
[EventRounds "11"]
[EventCountry "CZE"]
[SourceTitle "EXT 2010"]
[Source "ChessBase"]
[SourceDate "2010.11.25"]
[SourceVersion "1"]
[SourceVersionDate "2010.11.25"]
[SourceQuality "1"]
[WhiteTeam "Praha Pankrac"]
[BlackTeam "Novoborsky II"]
[WhiteTeamCountry "CZE"]
[BlackTeamCountry "CZE"]

1. Nf3 d5 2. d4 c5 3. e3 Nc6 4. Be2 Nf6 5. 0-0 e6 6. b3 Be7 7. Bb2 0-0 8. c4 dxc4 9. bxc4 b6 10. Nc3 cxd4 11. exd4 Bb7 12. Rc1 Rc8 13. Nb1 Qc7 14. Nbd2 Rfd8 15. Qc2 Qf4 16. Rfd1 Nb4 17. Qb3 Nc6 18. Qe3 Qb8 19. Ne1 Bd6 20. g3 Ne7 21. Bf3 Nf5 22. Qb3 Bxf3 23. Nexf3 Be7 24. Nf1 Ng4 25. h3 Nf6 26. Ne3 Nxg3 27. fxg3 Qxg3+ 28. Ng2 Qxh3 29. Ne5 Qh5 30. Qf3 Qxf3 31. Nxf3 Ng4 32. Kf1 h5 33. Ke2 Bd6 34. c5 Bg3 1/2-1/2

[Event "CZE-chT1W 0809"]
[Site "Czech Republic"]
[Date "2009.02.15"]
[Round "8.4"]
[White "Kozak, Milos"]
[Black "Pesout, Jan"]
[Result "1-0"]
[WhiteElo "2154"]
[BlackElo "2251"]
[PlyCount "75"]
[EventDate "2008.10.19"]
[EventType "team-tourn"]
[EventRounds "11"]
[EventCountry "CZE"]
[SourceTitle "EXT 2010"]
[Source "ChessBase"]
[SourceDate "2010.11.25"]
[SourceVersion "1"]
[SourceVersionDate "2010.11.25"]
[SourceQuality "1"]
[WhiteTeam "Litomerice"]
[BlackTeam "Praha Pankrac"]
[WhiteTeamCountry "CZE"]
[BlackTeamCountry "CZE"]

1. d4 Nf6 2. c4 c5 3. d5 e6 4. Nc3 exd5 5. cxd5 d6 6. e4 g6 7. h3 Bg7 8. Nf3 0-0 9. Bd3 Re8 10. 0-0 b6 11. Bf4 Ba6 12. Re1 Bf8 13. a4 Bxd3 14. Qxd3 Nbd7 15. Bh2 a6 16. Rad1 Ne5 17. Nxe5 dxe5 18. f4 Nd7 19. f5 Bd6 20. fxg6 hxg6 21. Rf1 Rf8 22. Rf3 Qc8 23. Rdf1 c4 24. Qd2 Kg7 25. Kh1 Rb8 26. Nd1 b5 27. Ne3 Qd8 28. Nf5+ gxf5 29. Rg3+ Kh7 30. Rxf5 Qh4 31. Qf2 f6 32. Rg4 Qh6 33. Rh4 Rg8 34. Rfh5 Qxh5 35. Qf5+ Kg7 36. Qxh5 Kf8 37. Qf5 Rb7 38. Qe6 1-0